000 00886nam a2200301Ia 4500
003 OSt
005 20220912150457.0
006 a|||||r|||| 00| 0
007 ta
008 220909b |||||||| |||| 00| 0 eng d
020 _a0470852763 (pbk)
024 _a16831
037 _b1245, 30/01/2006, Unilib Book Distributors
037 _cTextual
040 _aCSL
_beng
_cCSL
041 _aeng
082 _aC211, P4;1 TC
100 _aTilley Richard J D
245 0 _aUnderstanding solids: The science of materials
260 _aChichester
_bJohn Wiley & Sons Ltd.
_c2004
300 _axix,593p.
_ccm.
500 _aIndex 575-593p.
_ccm.
650 _a Materials science
650 _a Solids
650 _aPhysics
942 _hC211, P4;1 TC
_cTEXL
_2CC
999 _c48316
_d48316